Sóng trên núi

Bewaard in:
Bibliografische gegevens
Hoofdauteur: Thôn Trung Phương
Formaat: Boek
Taal:Vietnamese
Gepubliceerd in: Văn học 1998
Onderwerpen:
Tags: Voeg label toe
Geen labels, Wees de eerste die dit record labelt!
Thư viện lưu trữ: Mạng thư viện Đại học Đà Nẵng
LEADER 00960nam a2200313 a 4500
001 000003754
003 00391
005 20171229145311.0
008 171229s1998 vie
040 |a LSK 
041 0 |a VIE 
082 0 |a 895.9223  |b TH-P 
100 1 |a Thôn Trung Phương 
245 0 0 |a Sóng trên núi 
260 |b Văn học  |c 1998 
300 |a 375 pages  |c 20 cm. 
653 |a Văn học - Việt Nam - Tiểu thuyết 
852 |a Phòng Đọc 
901 |a 2 
927 |a Sách tham khảo 
OWN |a LSK 
AVA |a UDN50  |b LSK  |d 895.9223 TH-P  |e available  |t Error 5001 Not defined in file expand_doc_bib_avail.  |f 2  |g 0  |h N  |i 0  |k 1 
999 |a From the UDN01 
AVA |a UDN50  |b LSK  |d 895.9223 TH-P  |e available  |t Error 5001 Not defined in file expand_doc_bib_avail.  |f 2  |g 0  |h N  |i 0  |k 1 
TYP |a Monograph 
TYP |a Printed language 
980 |a Mạng thư viện Đại học Đà Nẵng